000
00286nam a2200121Ia 4500
008
191201s2004 xx 000 0 und d
100
_a
KASERA, Sumit
245
0
_a
ATM Networks Concepts and Protocols
260
_b
TMH
_c
2004
300
_a
531
650
_a
B.Tech(CSE)
942
_2
ddc
_c
BK
999
_c
7162
_d
7162